000
00348pab a2200157 454500
008
180718b2009 xxu||||| |||| 00| 0 eng d
100
_a
Bhargave, Sanjay
245
_a
Getting ready for GST
260
_c
2009
300
_a
p.992-94.
362
_a
Dec
650
_a
Taxation
773
_a
Management Accountant
908
_a
N
909
_a
85006
999
_c
85006
_d
85006